| 000 | 00334nam a2200145Ia 4500 | ||
|---|---|---|---|
| 008 | 230917s9999||||xx |||||||||||||| ||und|| | ||
| 040 |
_e108618 _aMAIN |
||
| 041 | _aEnglish | ||
| 082 | _a657 I2A | ||
| 100 | _aICFAI | ||
| 245 | 0 | _aAccounting standards. V6-11 | |
| 260 |
_aHyderabad _bICFAI _c2004 |
||
| 300 | _a162 p. | ||
| 942 | _cBK | ||
| 999 |
_c123122 _d123122 |
||